000 02670cgm a22005418i 4500
005 20200320204530.0
007 vd cvaizk
008 170610s2017 180 g ## vleng d
024 1 _a031398265511 (videorecording)
040 _aMMLLC
_beng
_erda
_cMMLLC
082 0 4 _a[Fic]
_223
245 1 0 _aDirty dancing /
_cdirector Wayne Blair.
264 2 _aOld Saybrook, Connecticut :
_bwww.micromarketing.org
264 1 _a[Santa Monica, California?] :
_b[Lionsgate],
_c[2017]
300 _a[1 videodisc (approximately 180 minutes)?] :
_bsound, color;
_c4 3/4 in.
336 _atwo-dimensional moving image
337 _avideo
338 _avideodisc
344 _adigital
_boptical
_gsurround
_hDolby digital 5.1
_2rda
346 _aNTSC
_2rda
347 _avideo file
_bDVD video
_eregion 1
_2rda
500 _aWidescreen edition.
500 _a[Typographic symbols and accents removed for systems compatibility.]
508 _aDirector Wayne Blair.
511 1 _aAbigail Breslin, Sarah Hyland, Debra Messing.
520 _a"A musical re-imagining of the 1987 film, Dirty Dancing (1987)."--Provided by imdb.com.
520 _aIn the summer of 1963, innocent 17-year-old Baby vacations with her parents at a Catskills resort. One evening, she is drawn to the staff quarters by stirring music. There she meets Johnny, the hotel dance instructor, who is as experienced as Baby is naive. Baby soon becomes Johnny's pupil in dance and love.
521 8 _aRating: PG.
538 _aDVD, color, widescreen, NTSC.
546 _aEnglish dialogue; English or Spanish subtitles; subtitled for the deaf and hard of hearing (SDH).
546 _aEnglish audio.
588 _aTitle and description based on researched data; resource not viewed.
650 0 _aDance teachers
_zNew York (State)
_zCatskill Mountains
_vDrama.
_95773139
650 0 _aResorts
_zNew York (State)
_zCatskill Mountains
_vDrama.
_95773140
650 0 _aNineteen sixties
_vDrama.
_95764171
650 0 _aMan-woman relationships
_vDrama.
_95673977
655 7 _aFiction television programs.
_95673656
655 7 _aMusical films.
_2lcgft
_9102735
655 7 _aTelevision programs.
_2lcgft
_95946750
700 1 _aBreslin , Abigail,
_eperformer.
_95887593
700 1 _aHyland, Sarah,
_eperformer.
_95692816
700 1 _aMessing, Debra,
_eperformer.
_95946751
710 2 _aLions Gate Entertainment (Firm),
_epublisher.
_95675069
942 _cDVD
_08
948 _a07/12/2017
_zSirsi
949 _nwww.MicroMarketing.org 800-229-9887
996 _a141419
_b34301001527797
_cDVD
_dDVD
_ewcl
_fi
_g8
_h19.98
_lmicro
_mDir
_p07/12/2017
_q03/03/2020
_r02/15/2020
999 _c302136
_d302135